Kraje a okresy ČR - Statistics

General Stats
  • This quiz has been taken 6 913 times
    6 540 since last reset
  • The average score is 51 of 90
Answer Stats
Odpovědi % Correct
Hl.m. {Praha}
99%
Plzeň-jih
96%
S{tředočeský} kraj
95%
Plzeň-město
94%
P{lzeňský} kraj
93%
Ú{stecký} kraj
93%
Zlín
93%
Liberec
92%
Olomouc
92%
J{ihočeský} kraj
91%
J{ihomoravský} kraj
91%
K{arlovarský} kraj
91%
Kraj V{ysočina}
91%
L{iberecký} kraj
91%
Z{línský} kraj
91%
M{oravskoslezský} kraj
90%
O{lomoucký} kraj
90%
P{ardubický} kraj
90%
K{rálovéhradecký} kraj
88%
Brno-město
86%
Ostrava-město
85%
Pardubice
85%
Karlovy Vary
83%
Hradec Králové
82%
Ústí nad Labem
82%
České Budějovice
78%
Jihlava
77%
Kladno
64%
Opava
64%
Most
63%
Cheb
58%
Tábor
58%
Mladá Boleslav
57%
Jablonec nad Nisou
54%
Děčín
53%
Český Krumlov
52%
Kolín
52%
Písek
52%
Znojmo
52%
Chomutov
51%
Frýdek-Místek
51%
Karviná
50%
Beroun
48%
Teplice
48%
Sokolov
47%
Trutnov
47%
Benešov
46%
Brno-venkov
45%
Klatovy
45%
Kutná Hora
45%
Prostějov
45%
Břeclav
44%
Mělník
44%
Přerov
44%
Hodonín
43%
Příbram
43%
Uherské Hradiště
43%
Třebíč
42%
Jindřichův Hradec
41%
Plzeň-sever
41%
Domažlice
40%
Jičín
40%
Praha-východ
40%
Praha-západ
40%
Šumperk
40%
Vsetín
40%
Česká Lípa
39%
Chrudim
39%
Litoměřice
39%
Strakonice
39%
Havlíčkův Brod
38%
Jeseník
38%
Kroměříž
38%
Nymburk
37%
Blansko
36%
Náchod
36%
Vyškov
36%
Bruntál
35%
Pelhřimov
35%
Rakovník
35%
Svitavy
35%
Rokycany
34%
Ústí nad Orlicí
34%
Louny
33%
Žďár nad Sázavou
33%
Tachov
32%
Prachatice
31%
Semily
31%
Nový Jičín
30%
Rychnov nad Kněžnou
26%
No matching quizzes found
Score Distribution
Percent of People with Each Score
Percentile by Number Answered
Your Score History
You have not taken this quiz since the last reset